02488nam a2200325 a 4500001001000000005001700010008004100027041000800068044000800076084002000084100004500104245016700149260002900316300002200345500026200367500029000629500075300919500005101672500003601723500004301759500001001802546002401812650005201836650005601888650003401944650004501978700003902023700005002062740005002112BRCA_323520190320204158.0060309s1801----enka---###---#000-0#eng-# aeng aenk a536b.M55c18011 aCervantes Saavedra, Miguel ded1547-161610aThe Life and Exploits of the Ingenious Gentleman Don Quixote de la ManchacTranslated from the Original Spanish of Miguel de Cervantes Saavedra by Charles Jarvis. aLondresbW. Millerc1801 a4 v.bil.c22 cm. aContenido : v.1. Primera parte. Retrato de Cervantes. Prefacio del editor. Vida de Cervantes. Plan cronológico por V. de los Ríos. Mapa del centro de España. Prólogo del autor. -- v.2. Texto. -- v.3. Segunda parte. Prólogo del autor. -- v.4. Texto aEdición : Now Carefully Revised and Corrected with a new Translation of the Spanish Poetry to which is Prefixed a Copious and new Life of Cervantes; Including a Critique on the Quixote also a Chronological plan of the Work Embellished with new Engravings and a Map of a Part of Spain aEdición de la versión de Jarvis, cuidadosamente corregida en vista de las publicadas por la Academia Española, de cuyas primeras ediciones se tomaron la Vida de Cervantes, escrita por Vicente de los Ríos, el plan cronológico de éste, y el mapa de los lugares por donde anduvo D. Quijote. El retrato de Cervantes es copia del que llevan las ediciones de la Academia Española; algunas láminas son copias de la edición grande de la mencionada Academia y otras, dibujadas por Stothard, etc. Estas últimas adolecen del defecto propio de las ilustraciones extranjeras mostrando un Quijote inglés en un ambiente británico. Bella edición impresa en buen papel con tipos claros. Piel; lomeras decoradas con dorados Lúdovik Osterc aEstado físico : vol. 1. Cubierta desprendida aCon ex-libris de : Federic Noel aIncluye notas al final de cada volumen aQM429 aTexto en : inglés14aNovela españolayÉpoca clásica, 1500-170014aLiteratura españolayÉpoca clásica, 1500-170014aNovela españolaySiglo XVII14aDon Quijote (Personaje ficticio)eNovela1 aJarvis, Charlesd?-1739eTraductor1 aRíos, Vicente de losd1732-1779eBiógrafo0 aEl Ingenioso Hidalgo Don Quijote de la Mancha